00442nam a22001577a 450000500170000000800410001702000190005804100080007708200130008510000140009824500210011226000290013330000260016236500220018850000740021020250212105855.0250212b |||||||| |||| 00| 0 eng d a9783822 877661 aeng a729bTAS aTaschen A aIndian Interiors aNew YarkbTaschenc1997 a320PagesbHbc23 x 18 aINRb1.00cRupaye aAround Delhi Kashmir : Ladkha And Punjab Rajasthan :" Jaipur Jodhapur